000
00264nam a2200097Ia 4500
008
180205s9999 xx 000 0 und d
100
_a
Shakespeare, William
245
4
_a
The tragedy of Julius Caesar /
260
_a
USA
_b
Pocket books
_c
1958
300
_a
vii, 95 pages
999
_c
354746
_d
354746